Is It Lego? - Sudden Death - Statistics

General Stats
  • This quiz has been taken 224 times
  • The average score is 10 of 18
Answers on the Grid
Answers color-coded by a green-red scale on the quiz's grid according to % correct below.
Abu Ghraib Prison
Amelia Earhart (& Plane)
Big Ben
Brandenburg Gate
Burj Khalifa
Chichén Itzá
Colosseum
Death Star (Star Wars)
Dome of the Rock
Eiffel Tower
Empire State Building
Golden Gate Bridge
Great Wall of China
Hindenburg Blimp
Leaning Tower of Pisa
Lighthouse of Alexandria
Mausoleum of Halicarnassus
Mount Rushmore
Palace of Versailles
Sears Tower
Seattle Space Needle
Sydney Opera House
Taj Mahal
Terracotta Warriors
The Grand Canyon
The Kremlin
The Yellow Submarine (Beatles)
Tower of Babel
Venice
White House
 
Answer Stats
Answer % Correct
21013-1 Big Ben
88%
21019-1 Eiffel Tower
88%
10276-1 Colosseum
79%
75159-1 Death Star (Star Wars)
74%
21002-1 Empire State Building
71%
21031-1 Burj Khalifa
65%
10189 Taj Mahal Taj Mahal
58%
21015-1 Leaning Tower of Pisa
56%
10234-1 Sydney Opera House
54%
21054-1 White House
50%
21011-1 Brandenburg Gate
47%
21043 San Francisco Golden Gate Bridge
43%
21306-1 The Yellow Submarine (Beatles)
40%
21041-1 (Not that great...) Great Wall of China
36%
40450-1 Amelia Earhart (& Plane)
33%
21003-1 Seattle Space Needle
32%
21000-1 Sears Tower
31%
21026-1 (features St. Mark's Campanile) Venice
29%
No matching quizzes found
Score Distribution
Percent of People with Each Score
Percentile by Number Answered
Your Score History
You have not taken this quiz